000 005140000a22001930004500
001 003963
003 MACL
005 20150728170955.0
008 150728b xxu||||| |||| 00| 0 eng d
040 _aMACL
_cMACL
041 _aEnglish
082 _a332.632/SEN
100 _aSenger, S.K. Singh
_92983
245 _aSecurity Sensitivity Of Punjab And Kumaon Himalaya
_cS.K. Singh Senger
260 _aDelhi
_c1998
_bDarpen Publishing House,
350 _a300
650 _aEconomics
_92984
942 _k333
_cBK
_2ddc
999 _c15856
_d15856